000 00867nam a2200253Ia 4500
001 19486
003 GE_BSU
008 181216s||||||||xx |||||||||||||| ||und||
020 _aISBN 99928-33-56-4
040 _cGE_BSU
080 _a81'1(09)
100 _aჭრელაშვილი, კოტე
245 _aლინგვისტურ მოძღვრებათა ისტორია
245 _cრედ.: თ. გამყრელიძე
260 _aთბილისი
260 _bთბილისის სახ.უნ-ტის გამ-ბა.
260 _c2001
300 _a259გვ;20სმ
300 _eბიბლ.:გვ.254-256
541 _h10ლ.
653 _aენათმეცნიერება
653 _aენათმეცნიერების ისტორია;
942 _cBK
999 _c52463
_d52463